|
|
|
|
| LEADER |
02921nam a22004457a 4500 |
| 001 |
32889 |
| 003 |
BD-DhAAL |
| 005 |
20241031130141.0 |
| 008 |
180329r20152007bg a|||| b||| 001 0 ben d |
| 020 |
|
|
|a 9840753673
|
| 020 |
|
|
|a 9840758934
|
| 040 |
|
|
|a BD-DhAAL
|c BD-DhAAL
|
| 041 |
|
|
|a ben
|
| 082 |
|
|
|a 891.44
|2 23
|
| 100 |
|
|
|a নজরুল ইসলাম,
|c কাজী,
|d ১৮৯৯-১৯৭৬.
|9 53229
|
| 245 |
|
|
|a নজরুল-রচনাবলী :
|b জন্মশতবর্ষ সংস্করণ.
|n তৃতীয় খন্ড /
|c কাজী নজরুল ইসলাম ; সম্পাদনা পরিষদ রফিকুল ইসলাম ... [et al.].
|
| 246 |
|
|
|a Nazrul Rachanabali [Work of Kazi Nazrul Islam]
|
| 260 |
|
|
|a ঢাকা :
|b বাংলা একাডেমী,
|c c২০০৭ [পুনমুর্দ্রন ২০১৫, ২০১৯].
|
| 300 |
|
|
|a [বিশ], ৪৬০ পৃষ্ঠা :
|b চিত্র ;
|c ২২ সে. মি.
|
| 362 |
|
|
|a Vol. 3
|
| 500 |
|
|
|a নজরুল-রচনাবলী (প্রথম সংস্করণের সম্পাদক আবদুল কাদির)
|
| 504 |
|
|
|6 গ্রন্থপঞ্জিগত নির্দেশিকা ও নির্ঘণ্ট অন্তর্ভুক্ত।
|
| 526 |
|
|
|a OCA, GenEd (Residential Campus)
|
| 541 |
|
|
|a Office of Co-Curricular Activities
Development Book Agency
|e 32889, 32949, 34790, 40577
|
| 600 |
|
|
|a Nazrul Islam,
|c Kazi,
|d 1899-1976.
|9 25328
|
| 650 |
|
|
|a Bengali poetry.
|
| 650 |
|
|
|a Bengali fiction.
|
| 650 |
|
|
|a Bengali literature.
|
| 700 |
|
|
|a ইসলাম, রফিকুল
|9 25330
|
| 700 |
|
|
|a মাহ্ফুজউল্লাহ, মোহাম্মদ.
|9 25331
|
| 700 |
|
|
|a মোরশেদ, আবুল কালাম মনজুর.
|9 25332
|
| 700 |
|
|
|a সৈয়দ, আবদুল মান্নান.
|9 25333
|
| 700 |
|
|
|a হক, আবুল কাসেম ফজলুল.
|9 25334
|
| 852 |
|
|
|a Ayesha Abed Library
|c General Stacks
|
| 942 |
|
|
|2 ddc
|c BK
|
| 999 |
|
|
|c 39185
|d 39185
|
| 952 |
|
|
|0 0
|1 0
|2 ddc
|4 0
|6 891_440000000000000_NAZ
|7 0
|9 63022
|a BRACUL
|b BRACUL
|c GEN
|d 2018-03-29
|e Office of Co-Curricular Activities
|g 161.25
|l 3
|m 3
|o 891.44 NAZ
|p 3010032889
|r 2025-11-05
|s 2025-11-04
|t 1
|v 161.25
|w 2018-03-29
|y BK
|
| 952 |
|
|
|0 0
|1 0
|2 ddc
|4 0
|6 891_440000000000000_NAZ
|7 0
|9 63110
|a BRACUL
|b BRACUL
|c GEN
|d 2018-04-11
|e Bengla Academy
|g 150.00
|l 1
|o 891.44 NAZ
|p 3010032949
|r 2020-03-08
|s 2020-03-03
|t 2
|v 200.00
|w 2018-04-11
|y BK
|
| 952 |
|
|
|0 0
|1 0
|2 ddc
|4 0
|6 891_440000000000000_NAZ
|7 0
|9 65637
|a SCL
|b SCL
|c GEN
|d 2019-07-17
|e Development Book Agency
|g 208.33
|l 0
|o 891.44 NAZ
|p 3020034790
|r 2019-07-17
|t 3
|v 208.33
|w 2019-07-17
|y BK
|
| 952 |
|
|
|0 0
|1 0
|2 ddc
|4 0
|6 891_440000000000000_NAZ
|7 0
|9 72652
|a SCL
|b SCL
|c GEN
|d 2023-01-05
|e Development Book Agency
|g 205.00
|l 0
|o 891.44 NAZ
|p 3020040577
|r 2023-01-05
|t 4
|v 205.00
|w 2023-01-05
|y BK
|